Gilmore Girls - Who Said It? - Statistics

General Stats
  • This quiz has been taken 201 times
  • The average score is 8 of 15
Answer Stats
Hint Answer % Correct
“I smell snow.” Lorelai
98%
“I don’t shrink back; I step up.” Rory
96%
“Coffee. Is it good for your soul or just your heart?” Luke
87%
“I think I’ve outgrown the small town… and maybe some people in it.” Logan
78%
“I’ll have a cup of coffee. Black. Just like my soul.” Emily
76%
“I insist upon being miserable in comfort.” Richard
69%
“I live in fear of making the wrong choice.” Paris
62%
“Oy with the poodles already!” Sookie
54%
“You jump, I jump, remember?” Lane
53%
“I need a plan that works.” Kirk
45%
“People don’t need as much help as they think they do.” Michel
37%
“I was just thinking of how my mother and I were like water and oil.” Taylor
30%
“I never say die.” Babette
28%
“I’m not a princess, I don’t need saving.” Miss Patty
21%
“Life’s short. Talk fast.” Marty
6%
No matching quizzes found
Score Distribution
Percent of People with Each Score
Percentile by Number Answered
Your Score History
You have not taken this quiz